Técnicas de análisis de historias de embarazos
Gespeichert in:
| Hauptverfasser: | , |
|---|---|
| Format: | Buch |
| Sprache: | Spanisch |
| Veröffentlicht: |
Chicago
Universidad de Chicago. Centro de Estudios de la Comunidad y la Familia
1973
|
| Schriftenreihe: | Manual de Evaluación e Investigación de Planificación Familiar, 4
|
| Schlagworte: | |
| Tags: |
Tag hinzufügen
Keine Tags, Fügen Sie den ersten Tag hinzu!
|
MARC
| LEADER | 00000nam a2200000 a 4500 | ||
|---|---|---|---|
| 001 | UCQ0851 | ||
| 003 | CL-VaPUC | ||
| 008 | 980703e19730000US |||||||||||||||||spa|d | ||
| 082 | 0 | 4 | |a 304.666 |b BOG |2 21 |
| 100 | 0 | |a Bogue, Donald J |e author |9 414200 | |
| 700 | 0 | |a Bogue, Elizabeth J |e author |9 414201 | |
| 245 | 1 | 0 | |a Técnicas de análisis de historias de embarazos |
| 300 | |a 193 p | ||
| 942 | |c BK | ||
| 945 | |d 19980703 00:00:00 |a crobeson | ||
| 260 | |a Chicago |b Universidad de Chicago. Centro de Estudios de la Comunidad y la Familia |c 1973 | ||
| 650 | 7 | |a EMBARAZO |2 CL-VaPUC |9 308235 | |
| 650 | 7 | |a INVESTIGACION DEMOGRAFICA |2 CL-VaPUC |9 336843 | |
| 650 | 0 | |a Datos estadísticos |9 329380 | |
| 650 | 7 | |a PLANIFICACION DE LA FAMILIA |2 CL-VaPUC |9 338183 | |
| 650 | 7 | |a CONTROL DE LA NATALIDAD |2 CL-VaPUC |9 308234 | |
| 650 | 0 | |a Familias |9 255641 | |
| 650 | 0 | |a Población |9 257577 | |
| 650 | 7 | |a TAMAÑO DE LA FAMILIA |2 CL-VaPUC |9 341767 | |
| 650 | 7 | |a TASA DE NATALIDAD |2 CL-VaPUC |9 414202 | |
| 583 | |a last modification |c 19980703 00:00:00 |k Rodrigo Vera | ||
| 490 | 0 | |a Manual de Evaluación e Investigación de Planificación Familiar, 4 | |
| 999 | |c 271879 |d 271877 | ||
| 952 | |0 0 |1 0 |4 0 |6 304_666000000000000_BOG_1973 |7 0 |8 A |9 306662 |a BIBGIM |b BIBGIM |d 2019-11-20 |i 1427970 |o 304.666 BOG 1973 |p 1427970 |r 2025-01-15 |w 2019-11-20 |y BK |k SSL | ||